Jayson Tatum Quiz (Good) - Statistics

General Stats
  • This quiz has been taken 101 times
  • The average score is 14 of 20
Answer Stats
Question Answer % Correct
How many rings does he have? 1
95%
What college did Tatum go to? Duke
95%
How many gold medals with team usa? 2
92%
How many All Star's 6
90%
What is his son's name? Deuce
89%
What year was he drafted? 2017
87%
How old is he? 27
83%
Who is Tatum's 'duo'? Jaylen Brown
83%
What is his career high? 60
79%
What is his current position? Power Forward
75%
How many points in Tatum's game 7 record? 51
74%
What pick was he drafted? 3rd
70%
Where was he born? St Louis
64%
What team was his first nba game against? Cleveland Cavaliers
61%
What is Jayson Tatum's full name? Jayson Christopher Tatum
54%
What is his main nickname? Big Deuce
48%
What team did he score his career high on? San Antonio Spurs
43%
What is his mums name? Brandy Cole
38%
What is his dads name? Justin Tatum
38%
What highschool basketball team did he play for? Chaminade
37%
No matching quizzes found
Score Distribution
Percent of People with Each Score
Percentile by Number Answered
Your Score History
You have not taken this quiz